Topología y colecciones: un estudio de las nociones topológicas en colecciones a partir de la noción de punto anterior

Salvato in:
Dettagli Bibliografici
Autore principale: Donado Nuñez, Gil Alberto de Jesús (Autore)
Natura: Libro
Lingua:spagnolo
Pubblicazione: Bogotá Universidad Pedagógica Nacional 1999
Edizione:1a. ed
Soggetti:
Tags: Aggiungi Tag
Nessun Tag, puoi essere il primo ad aggiungerne!!

MARC

LEADER 00000cam a2200000 a 4500
001 UCP9528
003 CL-VaPUC
008 000331e19990000CK |||||||||||||||||spa|d
020 |a 9589097251 
082 0 4 |a 514  |b DON  |2 21 
100 0 |a Donado Nuñez, Gil Alberto de Jesús  |e author  |9 440152 
245 1 0 |a Topología y colecciones: un estudio de las nociones topológicas en colecciones a partir de la noción de punto anterior 
250 |a 1a. ed 
300 |a 120 p 
942 |c BK 
945 |d 20000331 00:00:00  |a rbrito 
260 |a Bogotá  |b Universidad Pedagógica Nacional  |c 1999 
650 0 |a Topología   |9 260092 
583 |a last modification  |c 20130408 11:00:07  |k Rodrigo Vera 
999 |c 286338  |d 286336 
952 |0 0  |1 0  |4 0  |6 514_000000000000000_DON_1999  |7 0  |8 P  |9 332114  |a BIBEDU  |b BIBEDU  |c BIBEDU_PB  |d 2019-11-20  |i 3600572  |o 514 DON 1999  |p 3600572  |r 2024-01-25  |w 2019-11-20  |y BK  |k BME 
952 |0 0  |1 0  |4 0  |6 514_000000000000000_DON_1999  |7 0  |8 P  |9 332115  |a BIBEDU  |b BIBEDU  |c BIBEDU_PB  |d 2019-11-20  |i 4962605  |o 514 DON 1999  |p 4962605  |r 2024-01-25  |w 2019-11-20  |y BK  |k EPE